000 00677nam a2200253Ia 4500
003 OSt
005 20221006142843.0
006 a|||||r|||| 00| 0
007 ta
008 221006b |||||||| |||| 00| 0 eng d
020 _a0842014012
_cY5500
024 _a7,361
037 _cTextual
040 _aEASL
_cEASL
_beng
041 _2eng
_aeng
082 _aV42.N35, L3
100 _aREDMAN H Vere
_9648556
245 0 _aJapan in criss
_b An englishman's impressions
260 _aWilmington
_bSR Scholarly Resoureces
_c1973
300 _a224p.
_ccm.
490 _v JEL
942 _hV42.N35, L3
_cTEXL
_2CC
999 _c1075447
_d1075447